Review of Applied Socio-Economic Research

Gespeichert in:
Bibliographische Detailangaben
Format: Schriftenreihe
Sprache:Englisch
Veröffentlicht: [Bukurešť] Pro Global Science Association
Tags: Tag hinzufügen
Keine Tags, Fügen Sie das erste Tag hinzu!

MARC

LEADER 00000nls a2200000 4500
001 0303208
005 20260205093054.5
022 |a 2247-6172 
041 0 |a eng 
044 |a RO 
245 1 0 |a Review of Applied Socio-Economic Research 
264 1 |a [Bukurešť]  |b Pro Global Science Association